Double and Triple Celebrity Marriages Quiz Stats

Quiz Updated Aug 17, 2016

Challenge
Share
Tweet
Embed
Score 0/86 Timer 10:00
1 Play Today
% Correct
Nicole Kidman
88.4%
Tom Cruise
83.1%
Brad Pitt
82.6%
Tommy Lee
78.4%
Tommy Lee
78.4%
Katie Holmes
78.2%
Bruce Willis
76.2%
Ben Affleck
76.1%
Ashton Kutcher
75.5%
Diana Spencer
74.5%
Lisa Marie Presley
70.4%
Lisa Marie Presley
70.4%
Sonny Bono
63.7%
Kid Rock
62.4%
Marc Anthony
61.9%
John Stamos
59%
Nancy Davis
56.5%
John F. Kennedy
56.2%
Billy Bob Thornton
55.1%
Madonna
54.1%
Sean Penn
54%
Joe DiMaggio
52.7%
Antonio Banderas
50.2%
Keith Urban
50%
Ivana Winklmayr
48.7%
Linda Eastman
48%
Camilla Shand
46.8%
Guy Ritchie
44.6%
Brooke Shields
44.3%
% Correct
Steffi Graf
42.5%
Aristotle Onassis
42.4%
Robin Wright
41.2%
Don Johnson
39.1%
Humphrey Bogart
37.1%
Lyle Lovett
36.7%
Ted Turner
34.3%
Arthur Miller
33.8%
Dennis Rodman
32.7%
Laura Johnson
30.9%
Heather Mills
29.6%
James Brolin
28.9%
Jonny Lee Miller
28.1%
Lisa Rinna
26.3%
Frank Sinatra
25.6%
Jerry O'Connell
24.5%
Richie Sambora
24.2%
Jerry Hall
22.8%
Mimi Rogers
22%
Bianca De Macias
21.5%
Dave Navarro
21.1%
Gregg Allman
20.8%
Marla Maples
19.8%
Jane Wyman
18.3%
Melania Knauss
18%
Vivien Leigh
16.6%
Jill Esmond
16.6%
Carrie Fisher
16.3%
Danny Moder
16.1%
% Correct
David Justice
15.8%
Freddy Moore
15.7%
Olivier Martinez
14.3%
Elliott Gould
13.2%
Patricia Arquette
13.2%
Edie Brickell
10.8%
Cris Judd
10.4%
Debbie Rowe
10.3%
Ojani Noa
9.9%
Alice Kim
9.2%
Steven Bauer
8.2%
Scott Foley
8.2%
Nancy Shevell
8%
Eric Benét
7.9%
Patti Scialfa
7.8%
Ashley Hamilton
7.5%
James Dougherty
7.5%
Andre Previn
7.1%
Peggy Harper
7%
Jason Robards
6.3%
Tom Hayden
6%
Roger Vadim
5.9%
Joan Plowright
5.4%
Julianne Phillips
5.1%
Rick Salomon
5%
Nicollette Sheridan
5%
Rick Salomon (x2)
5%
Kurt Iswarienko
4.6%

You're not logged in!

Compare scores with friends on all Sporcle quizzes.
Sign Up with Email
OR
Log In

You Might Also Like...

Show Comments

Extras

Top Quizzes Today


Score Distribution

Your Account Isn't Verified!

In order to create a playlist on Sporcle, you need to verify the email address you used during registration. Go to your Sporcle Settings to finish the process.